Text book of vector calculus (Record no. 20441)

000 -LEADER
fixed length control field 00503nam a22001937a 4500
001 - CONTROL NUMBER
control field 20441
003 - CONTROL NUMBER IDENTIFIER
control field BD-DhUET
008 - FIXED-LENGTH DATA ELEMENTS--GENERAL INFORMATION
fixed length control field 150411b xxu||||| |||| 00| 0 eng d
040 ## - CATALOGING SOURCE
Original cataloging agency DLC
Transcribing agency DLC
Modifying agency BD-DhUET
082 ## - DEWEY DECIMAL CLASSIFICATION NUMBER
Classification number 516.83
Item number NAR/1966
100 ## - MAIN ENTRY--PERSONAL NAME
Personal name Narayan, Shanti
245 ## - TITLE STATEMENT
Title Text book of vector calculus
Remainder of title with applications
250 ## - EDITION STATEMENT
Edition statement 4th ed.
260 ## - PUBLICATION, DISTRIBUTION, ETC. (IMPRINT)
Place of publication, distribution, etc. New Delhi
Name of publisher, distributor, etc. S. Chand & Company
Date of publication, distribution, etc. 1966
300 ## - PHYSICAL DESCRIPTION
Extent viii, 320p.
Other physical details ill.
650 #0 - SUBJECT ADDED ENTRY--TOPICAL TERM
Topical term or geographic name as entry element Vector calculus
700 ## - ADDED ENTRY--PERSONAL NAME
Personal name Kapur, J. N.
942 ## - ADDED ENTRY ELEMENTS (KOHA)
Koha item type General Book
Holdings
Copy number Shelving location Source of classification or shelving scheme Koha normalized classification for sorting Koha full call number Koha date last seen Price effective from Sublocation or collection (holding branch) Koha item type Withdrawn status Not for loan Date acquired Location (home branch) Lost status Piece designation (barcode) Damaged status
1Circulation section 516_830000000000000_NAR_1966516.83/NAR/19662015-04-112015-04-11Central Library, BUETGeneral Book  2015-04-11Central Library, BUET 47558 
2Circulation section 516_830000000000000_NAR_1966516.83/NAR/19662015-04-112015-04-11Central Library, BUETGeneral Book  2015-04-11Central Library, BUET 38492 
3Circulation section 516_830000000000000_NAR_1966516.83/NAR/19662015-04-232015-04-23Central Library, BUETGeneral Book  2015-04-23Central Library, BUET 47560 
4Circulation section 516_830000000000000_NAR_1966516.83/NAR/19662015-04-232015-04-23Central Library, BUETGeneral Book  2015-04-23Central Library, BUET 47556